[Event "BCF-chT4 2223 (4NCL)"]
[Site "England"]
[Date "2023.01.08"]
[Round "4.143"]
[White "Chapman, Chas"]
[Black "Patel Davis, Asha"]
[Result "1-0"]
[WhiteElo "1510"]
[BlackElo "600"]
[PlyCount "55"]
[EventDate "2022.11.05"]
[EventType "team-swiss"]
[EventRounds "11"]
[EventCountry "ENG"]
[SourceTitle "EXT 2024"]
[Source "ChessBase"]
[SourceDate "2023.10.10"]
[SourceVersion "1"]
[SourceVersionDate "2023.10.10"]
[SourceQuality "1"]
[WhiteTeam "War and Piece II"]
[BlackTeam "Cambridge University II"]
[WhiteTeamCountry "ENG"]
[BlackTeamCountry "ENG"]

1. e4 d5 2. exd5 Qxd5 3. Nc3 Qd8 4. d4 Nc6 5. Nf3 Bg4 6. Be2 Nf6 7. 0-0 e6 8. a3 Be7 9. Be3 0-0 10. Ne5 Nxe5 11. dxe5 Nh5 12. Bxg4 Nf6 13. exf6 Bxf6 14. Qxd8 Bxd8 15. Rfd1 Bf6 16. Rd7 Rac8 17. Rad1 Bh4 18. g3 Bf6 19. Bd4 Bxd4 20. R1xd4 f6 21. Bxe6+ Kh8 22. Re7 h6 23. Bxc8 Rxc8 24. Rdd7 c5 25. Rxg7 b5 26. Nd5 b4 27. Nxf6 bxa3 28. Rh7# 1-0